| 000 | 01371nam a2200421 i 4500 | ||
|---|---|---|---|
| 001 | 14397 | ||
| 003 | KOSZ 005 | ||
| 005 | 20200330130420.0 | ||
| 008 | 071020s1971 pl a f 001 0 pol | ||
| 015 | _aPB 1971/10053 | ||
| 035 | _a991037536629705066 | ||
| 035 | _a(PL-WaBN)b20065048-48omnis_nlop | ||
| 035 | _ab20065048 | ||
| 035 | _a(OCoLC)812620764 | ||
| 035 | _a(PL)b0000002006504 | ||
| 035 | _a(EXLNZ-48OMNIS_NETWORK)9910267171805606 | ||
| 040 |
_aWA N _cWA N _dKOSZ 005/RW |
||
| 046 | _k1971 | ||
| 080 | _a621.791/.795 | ||
| 100 | 1 |
_aPałasz, Jan. _eAutor |
|
| 245 | 1 | 0 |
_aPoradnik spawacza gazowego / _cJan Pałasz. |
| 260 |
_aWarszawa : _bWydawnictwa Naukowo-Techniczne, _c1971. |
||
| 300 |
_a299 stron : _bilustracje ; _c18 cm. |
||
| 336 |
_aTekst _btxt _2rdacontent |
||
| 337 |
_aBez urządzenia pośredniczącego _bn _2rdamedia |
||
| 338 |
_aWolumin _bnc _2rdacarrier |
||
| 380 | _aKsiążki | ||
| 388 | _a1901-2000 | ||
| 504 | _aBibliografia na stronie [292]. Indeks. | ||
| 658 | _aInżynieria i technika | ||
| 650 | 7 | _aUrządzenia | |
| 655 | 7 |
_aPoradnik _2DBN |
|
| 650 | 7 |
_aSpawalnictwo _2DBN |
|
| 710 | 2 |
_aWydawnictwa Naukowo-Techniczne _4pbl |
|
| 856 |
_uhttp://koha.tu.koszalin.pl/cgi-bin/koha/opac-detail.pl?biblionumber=14397 _yKatalog online BPK |
||
| 942 |
_2UKD _cKS |
||
| 999 |
_c14397 _d14397 |
||